| 000 | 01019cad a22002415a 4500 | ||
|---|---|---|---|
| 001 | L153522 | ||
| 008 | 110803s2011 xxk f 000 0 eng d | ||
| 020 | _a9781409830559 | ||
| 035 | _a(Sirsi) u153522 | ||
| 041 | 0 | _aeng | |
| 050 | 0 | 4 | _a306.1 $2 18 |
| 110 | 2 |
_aUnited Kingdom _bDepartment for Communities and Local Government _94939 |
|
| 245 | 0 | 2 |
_aA new mandatory power of possession for anti-social behaviour _bconsultation _h[electronic resource] |
| 260 |
_aLondon _cDCLG _b2011 |
||
| 520 | _aSeeks views on the detail and practicalities of a new mandatory power of possession to enable landlords to take swifter action to evict antisocial tenants. | ||
| 520 | _aConsultation closes 27 October 2011. | ||
| 590 | _aKA NTK | ||
| 650 | 2 | 4 | _aLOCALISM BILL |
| 651 | 4 |
_aEngland _y886- |
|
| 690 | _aPROPERTY-RESIDENTIAL PROPERTY-RESIDENTIAL LANDLORD AND TENANT | ||
| 856 | 4 | 0 |
_uhttps://www.communities.gov.uk/documents/housing/pdf/1959275.pdf _zView the item free of charge at www.communities.gov.uk. |
| 942 | _n0 | ||
| 999 |
_c112569 _d112569 |
||